Profound Scholars' Lectures on Poems in the Tang Dynasty (Record no. 215928)
[ view plain ]
| 000 -LEADER | |
|---|---|
| fixed length control field | 00729nam a22002297a 4500 |
| 005 - DATE AND TIME OF LATEST TRANSACTION | |
| control field | 20251202115154.0 |
| 008 - FIXED-LENGTH DATA ELEMENTS--GENERAL INFORMATION | |
| fixed length control field | 251202b ||||| |||| 00| 0 eng d |
| 020 ## - INTERNATIONAL STANDARD BOOK NUMBER | |
| International Standard Book Number | 9787508529981 (paperback) |
| 040 ## - CATALOGING SOURCE | |
| Original cataloging agency | LC |
| Transcribing agency | UNZA |
| Description conventions | RDA |
| 050 ## - LIBRARY OF CONGRESS CALL NUMBER | |
| Classification number | PR9195 |
| Item number | PRO 2014 |
| 245 ## - TITLE STATEMENT | |
| Title | Profound Scholars' Lectures on Poems in the Tang Dynasty |
| Statement of responsibility, etc. | Edited by Shi Wen |
| 250 ## - EDITION STATEMENT | |
| Edition statement | Eng. |
| 260 ## - PUBLICATION, DISTRIBUTION, ETC. | |
| Place of publication, distribution, etc. | Beijin : |
| Name of publisher, distributor, etc. | China intercontinental Press, |
| Date of publication, distribution, etc. | 2014. |
| 300 ## - PHYSICAL DESCRIPTION | |
| Extent | 241 pages : |
| Other physical details | illustrations ; |
| Dimensions | 23cm. |
| 336 ## - CONTENT TYPE | |
| CONTENT TYPE | Text |
| 337 ## - MEDIA TYPE | |
| MEDIA TYPE | Unmediated |
| 338 ## - CARRIER TYPE | |
| CARRIER TYPE | Series |
| 440 ## - SERIES STATEMENT/ADDED ENTRY--TITLE | |
| Title | Classic Chinese Reader |
| 650 ## - SUBJECT ADDED ENTRY--TOPICAL TERM | |
| Topical term or geographic name entry element | Chinese Poetry |
| General subdivision | Chinese poetry Tang Dynasty |
| -- | History and Criticism |
| 700 ## - ADDED ENTRY--PERSONAL NAME | |
| Personal name | Tianxin zhang |
| Relator term | Translator |
| 999 ## - | |
| -- | 215928 |
| -- | 215928 |
| 942 ## - ADDED ENTRY ELEMENTS (KOHA) | |
| Koha item type | Book |
| Withdrawn status | Lost status | Source of classification or shelving scheme | Damaged status | Not for loan | Collection code | Home library | Current library | Shelving location | Date acquired | Source of acquisition | Cost, normal purchase price | Total Checkouts | Full call number | Barcode | Date last seen | Copy number | Cost, replacement price | Price effective from | Koha item type |
|---|---|---|---|---|---|---|---|---|---|---|---|---|---|---|---|---|---|---|---|
| Library of Congress Classification | Fiction | Confucius Library | Confucius Library | On Shelf | 12/02/2025 | donation | 300.00 | PR9195 PRO 2014 | 33729001525042 | 12/02/2025 | 1 | 300.00 | 12/02/2025 | Book |